<?xml version="1.0" encoding="UTF-8"?>
<record
    xmlns:xsi="http://www.w3.org/2001/XMLSchema-instance"
    xsi:schemaLocation="http://www.loc.gov/MARC21/slim http://www.loc.gov/standards/marcxml/schema/MARC21slim.xsd"
    xmlns="http://www.loc.gov/MARC21/slim">

  <leader>00744    a2200193   4500</leader>
  <controlfield tag="001">134458</controlfield>
  <datafield tag="020" ind1=" " ind2=" ">
    <subfield code="a">85-86748-01-3</subfield>
  </datafield>
  <datafield tag="040" ind1=" " ind2=" ">
    <subfield code="c">Leonardo Da Vinci</subfield>
  </datafield>
  <datafield tag="041" ind1=" " ind2=" ">
    <subfield code="a">Portugu&#xEA;s</subfield>
  </datafield>
  <datafield tag="082" ind1=" " ind2=" ">
    <subfield code="a">730.07 B337c</subfield>
    <subfield code="b">B337c</subfield>
  </datafield>
  <datafield tag="100" ind1=" " ind2=" ">
    <subfield code="a">BATISTA, Marta Rossetti</subfield>
    <subfield code="a">LIMA, Yone Soares</subfield>
  </datafield>
  <datafield tag="245" ind1=" " ind2=" ">
    <subfield code="a">Cole&#xE7;&#xE3;o M&#xE1;rio de Andrade</subfield>
    <subfield code="b">artes pl&#xE1;sticas</subfield>
  </datafield>
  <datafield tag="250" ind1=" " ind2=" ">
    <subfield code="a">2.ed</subfield>
  </datafield>
  <datafield tag="260" ind1=" " ind2=" ">
    <subfield code="b">Instituto de Estudos Brasileiros</subfield>
    <subfield code="c">1998</subfield>
    <subfield code="a">S&#xE3;o Paulo</subfield>
  </datafield>
  <datafield tag="300" ind1=" " ind2=" ">
    <subfield code="a">322</subfield>
  </datafield>
  <datafield tag="362" ind1=" " ind2=" ">
    <subfield code="a">19980000</subfield>
  </datafield>
  <datafield tag="697" ind1=" " ind2=" ">
    <subfield code="a">Artes</subfield>
    <subfield code="a">Brasil</subfield>
    <subfield code="a">Arte brasileira</subfield>
    <subfield code="a">Artistas</subfield>
    <subfield code="a">Biografia</subfield>
    <subfield code="a">Alfredo Volpi</subfield>
    <subfield code="a">Vincent Van Gogh</subfield>
    <subfield code="a">Pablo Picasso</subfield>
    <subfield code="a">Anita Mafaltti</subfield>
    <subfield code="a">Emiliano Di Cavalcanti</subfield>
    <subfield code="a">Fl&#xE1;vio de Carvalho</subfield>
    <subfield code="a">Paul de C&#xE9;zanne</subfield>
    <subfield code="a">Manuel Bandeira</subfield>
    <subfield code="a">M&#xE1;rio de Andrade</subfield>
    <subfield code="a">Oswald de Andrade</subfield>
    <subfield code="a">Victor Brecheret</subfield>
  </datafield>
  <datafield tag="942" ind1=" " ind2=" ">
    <subfield code="c">BK</subfield>
  </datafield>
  <datafield tag="952" ind1=" " ind2=" ">
    <subfield code="0">0</subfield>
    <subfield code="1">0</subfield>
    <subfield code="4">0</subfield>
    <subfield code="7">0</subfield>
    <subfield code="a">71.1</subfield>
    <subfield code="b">71.1</subfield>
    <subfield code="d">2024-03-27</subfield>
    <subfield code="l">0</subfield>
    <subfield code="o">730.07 B337c</subfield>
    <subfield code="p">O010020</subfield>
    <subfield code="r">2024-03-27 22:33:52</subfield>
    <subfield code="w">2024-03-27</subfield>
    <subfield code="y">BK</subfield>
  </datafield>
  <datafield tag="999" ind1=" " ind2=" ">
    <subfield code="c">134458</subfield>
    <subfield code="d">134458</subfield>
  </datafield>
</record>
